[Event "Mechanics' Shipman TNM; G/2 d/5"]
[Site "San Francisco"]
[Date "2018.08.21"]
[Round "3.18"]
[White "Marcus, Joel"]
[Black "Simpkins, Jerry"]
[Result "0-1"]
[WhiteElo "1900"]
[BlackElo "1565"]
[PlyCount "49"]
[EventDate "2018.??.??"]
[Source "ChessBase"]
[SourceDate "2007.09.04"]

1. d4 d5 2. Bf4 e6 3. Nf3 Bd6 4. Bg3 f5 5. e3 Nf6 6. c4 c6 7. Nc3 O-O 8. Be2
Ne4 9. O-O g5 10. Bxd6 Nxd6 11. Ne5 Nd7 12. f4 g4 13. Bxg4 fxg4 14. Qxg4+ Kh8
15. Rf3 Nf6 16. Qh3 Rg8 17. Rg3 Rxg3 18. hxg3 Qg8 19. Kf2 Nxc4 20. Qh4 Qg7 21.
Rh1 Bd7 22. Nxd7 Nxd7 23. g4 Nd6 24. Ne2 Ne4+ 25. Ke1 {
Black went on to win. Remaining moves unavailable.} 0-1

[Event "Mechanics' Spring TNM; G/2 d5"]
[Site "San Francisco"]
[Date "2018.04.17"]
[Round "5.7"]
[White "Marcus, Joel"]
[Black "Tsodikova, Natalya"]
[Result "0-1"]
[WhiteElo "1917"]
[BlackElo "2191"]
[PlyCount "78"]
[EventDate "2018.??.??"]
[Source "ChessBase"]
[SourceDate "2007.09.04"]

1. d4 Nf6 2. Nf3 g6 3. Bf4 Bg7 4. e3 d6 5. h3 O-O 6. Be2 c5 7. c3 b6 8. O-O Bb7
9. Nbd2 d5 10. b4 cxb4 11. cxb4 Nc6 12. b5 Na5 13. Rc1 Rc8 14. Qa4 Ne4 15. Nxe4
dxe4 16. Nd2 e5 17. Rxc8 Bxc8 18. Bg3 f5 19. Rd1 f4 20. Bh2 fxe3 21. Nxe4 Qh4
22. f3 exd4 23. Bg3 Qd8 24. Bc4+ Kh8 25. Nd6 Qe7 26. Nf7+ Rxf7 27. Bxf7 Qxf7
28. Rxd4 Bf6 29. Re4 Bd7 30. Be5 Bxe5 31. Rxe5 Nc4 32. Re4 Be6 33. Qd1 h6 34.
Qd4+ Kh7 35. Rf4 Qg7 36. Qd3 Qa1+ 37. Kh2 Qe5 38. Qe4 Bd5 39. Qxe5 Nxe5 0-1

[Event "Mechanics' Bedjanian TNM; G/2 d/5"]
[Site "San Francisco"]
[Date "2018.12.18"]
[Round "9.12"]
[White "Maser, Thomas"]
[Black "Cole, Tony"]
[Result "1-0"]
[WhiteElo "1900"]
[BlackElo "1400"]
[PlyCount "97"]
[EventDate "2018.??.??"]
[Source "ChessBase"]
[SourceDate "2007.09.04"]

1. e4 e6 2. d4 d5 3. Nd2 Nf6 4. e5 Nfd7 5. Bd3 c5 6. c3 Nc6 7. Ngf3 Be7 8. O-O
g5 9. Bb5 Qb6 10. Bxc6 Qxc6 11. Kh1 h5 12. Re1 g4 13. Ng1 f6 14. Qc2 f5 15. Ne2
Nf8 16. Nf1 Bd7 17. Be3 O-O-O 18. dxc5 Bxc5 19. Bxc5 Qxc5 20. Nd4 Ng6 21. b4
Qe7 22. a4 Kb8 23. Nb5 Rc8 24. Qd3 a6 25. Nd4 Qg7 26. b5 Nxe5 $4 27. Qg3 Ka8
28. Qxe5 Qg6 29. bxa6 bxa6 30. Nxe6 Bxe6 31. Qxe6 Qxe6 32. Rxe6 Rxc3 33. Rxa6+
Kb7 34. Rd6 Rhc8 35. Rxd5 R3c5 36. Rxc5 Rxc5 37. g3 Ka6 38. Ne3 Ka5 39. Ng2 Rc4
40. Nf4 h4 41. Ng2 h3 42. Nf4 Rd4 43. Kg1 Rxa4 44. Rxa4+ Kxa4 45. Kf1 Kb4 46.
Ke2 Kc5 47. Kd3 Kd6 48. Kd4 Ke7 49. Ke5 {etc. 1-0 65.} 1-0

[Event "Mechanics' Vartan Bedjanian TNM; G/2 d/"]
[Site "San Francisco"]
[Date "2018.11.07"]
[Round "3.10"]
[White "Maser, Thomas"]
[Black "Ivanov, Aleksandr"]
[Result "0-1"]
[WhiteElo "1900"]
[BlackElo "2167"]
[Annotator "Winslow,Elliott"]
[PlyCount "110"]
[EventDate "2018.??.??"]
[Source "ChessBase"]
[SourceDate "2007.09.04"]

1. e4 e6 2. d4 d5 3. Nd2 Nf6 4. e5 Nfd7 5. Bd3 c5 6. c3 Nc6 7. Ngf3 Be7 8. O-O
g5 9. dxc5 g4 10. Nd4 Ndxe5 11. Be2 Bxc5 12. Nxc6 bxc6 13. c4 Qh4 (13... h5)
14. cxd5 cxd5 (14... exd5 $5) 15. b4 Bd6 16. g3 Qh3 17. Bb2 (17. f4 $5) 17...
Rg8 (17... O-O) 18. Re1 Bb7 $4 (18... Bd7) (18... Rg5) 19. Bxe5 Bxe5 20. Bb5+
Kf8 21. Rxe5 $18 Rd8 22. Bf1 (22. Qc1) 22... Qh6 23. Nb3 d4 24. Qc1 Qf6 25.
Qc5+ Kg7 26. Rg5+ Kh8 27. Qe5 Qxe5 28. Rxe5 Rd6 29. Nc5 Bd5 30. a4 (30. Rd1)
30... f6 31. Ree1 Kg7 32. Bg2 e5 33. Bxd5 Rxd5 34. Rac1 Kg6 35. Kg2 Rgd8 36. b5
f5 $6 37. Nb7 $6 R8d7 $6 38. Rc6+ Kf7 39. Rc5 e4 40. Rxd5 Rxd5 41. Kf1 d3 42.
Rd1 Kf6 43. Ke1 Rd4 44. Ra1 Rb4 45. Ra2 $6 f4 46. gxf4 Kf5 47. Nd6+ Kxf4 48.
Nc8 $4 (48. Kd2 $18) (48. a5 Rd4 49. Nc8 $18) 48... e3 $6 (48... Rb1+ $1 49.
Kd2 Rf1 50. Kc3 Rc1+ $19) 49. fxe3+ $17 Kxe3 50. Ra1 Rf4 $2 (50... Rb2 51. Kf1
Rxh2 52. Ra3 {Now that it gets this position on the board, Stockfish 9 thinks
Black is winning, not just -/+.} h5 (52... g3)) 51. Rd1 $1 $11 Rxa4 52. Nd6 (
52. b6 axb6 53. Nxb6) 52... Rf4 53. Nc8 $6 (53. Rd2) (53. Nb7) 53... Ra4 $6 (
53... h5) (53... Rd4) 54. Rb1 $4 (54. Nd6 Rf4 55. Nb7) 54... Ra2 $19 55. Nxa7
Rxh2 0-1

[Event "Mechanics' Bedjanian TNM; G/2 d/5"]
[Site "San Francisco"]
[Date "2018.12.11"]
[Round "8.14"]
[White "Maser, Thomas"]
[Black "Kim, Andy"]
[Result "1-0"]
[WhiteElo "1900"]
[BlackElo "1532"]
[PlyCount "49"]
[EventDate "2018.??.??"]
[Source "ChessBase"]
[SourceDate "2007.09.04"]

1. e4 c6 2. d4 d5 3. Nc3 dxe4 4. Nxe4 Bf5 5. Ng3 Bg6 6. Nf3 Nd7 7. Bd3 Bxd3 8.
Qxd3 Ngf6 9. O-O e6 10. Re1 c5 11. d5 Qb6 12. dxe6 fxe6 13. Qe2 O-O-O 14. Qxe6
Qxe6 15. Rxe6 Nb6 16. Bg5 h6 17. Rxf6 hxg5 18. Rf7 Nc4 19. Nxg5 Rh6 20. Nf5 Rg6
21. h4 Kb8 22. Re1 Nd6 23. Nxd6 Rgxd6 24. Ne6 Rd1 25. Kf1 1-0

[Event "Mechanics' Bedjanian TNM; G/2 d/5"]
[Site "San Francisco"]
[Date "2018.11.20"]
[Round "5.15"]
[White "Maser, Thomas"]
[Black "Mays, Jerry L"]
[Result "1-0"]
[WhiteElo "1900"]
[BlackElo "1700"]
[Annotator "Winslow,Elliott"]
[PlyCount "111"]
[EventDate "2018.??.??"]
[Source "ChessBase"]
[SourceDate "2007.09.04"]

1. e4 e5 2. Nf3 Nc6 3. Bb5 a6 4. Ba4 Nf6 5. d3 b5 6. Bb3 Be7 7. O-O O-O 8. Re1
d5 $2 {The difference between a Marshall Gambit (8.c3, intending a slow
central buildup but actually hindering development (Nc3) and making a hole on
d3) and this (5.d3, ready to develop, no weaknesses) is huge. At least as far
as chucking a central pawn goes.} 9. exd5 Nxd5 10. Nxe5 Nxe5 11. Rxe5 c6 12.
Nc3 $2 {Maybe not giving back the pawn, (probably unintentionally), but
mucking up the pawns at least.} (12. Nd2) 12... Bd6 $6 {
He probably thinks this *is* the Marshall Gambit.} (12... Bf6 {
give the high side of equality after} 13. Rxd5 $1 cxd5 14. Nxd5) 13. Rh5 $6 (
13. Re1 $14) 13... Nf6 $6 (13... Nxc3 14. bxc3 g6 15. Bg5 Be7) 14. Bg5 $14 Bg4
(14... h6) 15. Qxg4 Nxg4 16. Bxd8 Raxd8 17. Re1 (17. g3) (17. Rh4) (17. Ne4)
17... Nf6 18. Rf5 a5 19. a4 b4 20. Ne4 Nxe4 21. Rxe4 g6 22. Rxa5 Rde8 23. Rxe8
Rxe8 24. g3 Re1+ 25. Kg2 Kg7 26. Ra7 Be7 27. Rc7 c5 28. a5 f5 29. a6 Kf6 30. a7
Ra1 31. Bd5 Bd6 32. Rd7 Ke5 33. a8=Q {
Game over. <ahem> GAME OVER! No, 23 more moves.} Rxa8 34. Bxa8 h6 35. f4+ Ke6
36. Rxd6+ Kxd6 37. Kf3 g5 38. fxg5 hxg5 39. h4 gxh4 40. gxh4 Ke5 41. h5 Ke6 42.
Kf4 Kf6 43. Bd5 Kg7 44. Kxf5 Kh6 45. Bf7 Kg7 46. Bg6 Kh6 47. Ke5 Kg7 48. Kd5 b3
49. c4 Kf6 50. Kxc5 Ke5 51. h6 Kf6 52. h7 Kg7 53. Kd6 Kh8 54. c5 Kg7 55. c6
Kxg6 56. h8=Q 1-0

[Event "Mechanics' Shipman TNM; G/2 d/5"]
[Site "San Francisco"]
[Date "2018.09.11"]
[Round "6.14"]
[White "Maser, Thomas F"]
[Black "Cortinas, Martin A"]
[Result "1/2-1/2"]
[WhiteElo "1912"]
[BlackElo "1719"]
[Annotator "Winslow,Elliott"]
[PlyCount "120"]
[EventDate "2018.??.??"]
[Source "ChessBase"]
[SourceDate "2007.09.04"]

1. e4 c6 2. d4 d5 3. Nc3 dxe4 4. Nxe4 Bf5 5. Ng3 Bg6 6. Bc4 e6 7. Nf3 Nd7 8.
O-O Ngf6 9. Re1 Be7 10. Qe2 Nd5 11. Bb3 b5 12. Bxd5 cxd5 13. Bf4 Qb6 14. Rad1
O-O 15. h4 h6 16. h5 Bh7 17. Nf1 Bd6 18. Bxd6 Qxd6 19. Ne3 Be4 20. Nd2 Bh7 21.
c3 Rfc8 22. Ng4 Bf5 23. Ne5 Nxe5 24. dxe5 Qe7 25. f3 Qc5+ 26. Kh1 b4 27. Nb3
Qc4 28. Nd4 Bh7 29. Qxc4 Rxc4 30. cxb4 Rxb4 31. b3 Kf8 32. Kg1 Rc8 33. Kf2 a6
34. a3 Rb7 35. Rc1 Rbc7 36. Rxc7 Rxc7 37. Re3 Ke8 38. Ke2 Kd7 39. Kd2 Rc5 40.
Rc3 Rxc3 41. Kxc3 Kc7 42. b4 Kb6 43. a4 Bb1 44. a5+ Ka7 45. Nc6+ Ka8 46. Kd4 $6
(46. Nd8) 46... g6 (46... Bh7) 47. Nd8 gxh5 48. Nxf7 Kb8 (48... h4) 49. Nxh6 (
49. g3) 49... Bg6 50. Ng8 Kc7 51. g3 Bf7 52. Nf6 Kc6 53. f4 Kb5 {[#]} 54. Kc3 (
54. Nxd5 $1 $18) (54. f5 Kxb4 55. fxe6 Bxe6 56. Nxd5+ Kxa5 57. Nc7 $18) 54...
d4+ 55. Kb3 $4 (55. Kxd4 Kxb4 56. Ne4) (55. Kd3) 55... Bg6 $1 $11 56. Nd7 d3
57. Kc3 d2 58. Kxd2 Kxb4 59. Ke3 Bf5 $2 (59... Kxa5 $11) 60. Kd4 $6 (60. Nf6 $1
) 60... Kxa5 {
Now Cortinas' second scoresheet is missing, while Maser's is senseless...}
1/2-1/2

[Event "Mechanics' Spring TNM; G/2 d5"]
[Site "San Francisco"]
[Date "2018.03.27"]
[Round "2.26"]
[White "Maser, Thomas F"]
[Black "Hilliard, Michael"]
[Result "1-0"]
[WhiteElo "1931"]
[BlackElo "1455"]
[PlyCount "57"]
[EventDate "2018.??.??"]
[Source "ChessBase"]
[SourceDate "2007.09.04"]

1. e4 c6 2. d4 d5 3. Nc3 dxe4 4. Nxe4 Nd7 5. Nf3 Ngf6 6. Nxf6+ Nxf6 7. Bd3 e6
8. O-O c5 9. Re1 Be7 10. Be3 cxd4 11. Bxd4 O-O 12. Qe2 Bb4 13. c3 Ba5 14. Rad1
Bb6 15. Be5 Qe7 {Diagram [#]} 16. Bd6 $1 Qe8 17. Bxf8 Qxf8 18. h3 Bd7 19. Ne5
Rd8 20. Rd2 Nd5 21. Qh5 Nf6 22. Qh4 Bc7 23. Nxd7 Rxd7 24. Bxh7+ $1 Nxh7 25.
Rxd7 Qb8 26. Qe7 Bh2+ 27. Kh1 Qf4 28. Rd8+ Nf8 29. Qxf8+ 1-0

[Event "Mechanics' Winter TNM; G/2 d5"]
[Site "San Francisco"]
[Date "2018.01.30"]
[Round "4.7"]
[White "Maser, Thomas F"]
[Black "Ivanov, Aleksandr"]
[Result "1-0"]
[WhiteElo "1955"]
[BlackElo "2166"]
[PlyCount "95"]
[EventDate "2018.??.??"]
[Source "ChessBase"]
[SourceDate "2007.09.04"]

1. e4 e6 2. d4 d5 3. Nd2 Nf6 4. e5 Nfd7 5. Bd3 c5 6. c3 Nc6 7. Ngf3 Qb6 8. O-O
cxd4 9. cxd4 Nxd4 10. Nxd4 Qxd4 11. Nf3 Qb6 12. Qc2 h6 13. a3 a5 14. Qe2 Nc5
15. Be3 Qb3 16. Bb5+ Bd7 17. Nd4 Bxb5 18. Nxb5 Rc8 19. Rfc1 b6 20. Rc3 Qa4 21.
b3 Qe4 22. Na7 Rd8 23. Qb5+ Nd7 24. Bxb6 Qxe5 25. Rac1 Bxa3 26. Bxd8 O-O 27.
Bc7 Qd4 28. Nc6 Qd2 29. R1c2 Qd1+ 30. Qf1 Qg4 31. h3 Qe4 32. Qe2 Qg6 33. Bxa5
Bd6 34. Bb4 Bxb4 35. Nxb4 Qf6 36. Rc8 Qa1+ 37. Kh2 Qf6 38. Rxf8+ Nxf8 39. Nd3
Ng6 40. b4 Qd8 41. b5 Qb8+ 42. g3 Qxb5 43. Ne5 Qb6 44. Rc6 Qd4 45. Nxg6 fxg6
46. Qxe6+ Kh8 47. Rc8+ Kh7 48. Qg8# 1-0

[Event "Mechanics' Summer TNM; G/2 d5"]
[Site "San Francisco"]
[Date "2018.07.03"]
[Round "6.5"]
[White "Maser, Thomas F"]
[Black "Lesquillier, Walter"]
[Result "1-0"]
[WhiteElo "1900"]
[BlackElo "1715"]
[PlyCount "87"]
[EventDate "2018.??.??"]
[Source "ChessBase"]
[SourceDate "2007.09.04"]

1. e4 d5 2. exd5 Nf6 3. Nf3 Nxd5 4. d3 g6 5. Be2 Bg7 6. c3 O-O 7. O-O c5 8. Re1
Nc6 9. Nbd2 Qc7 10. Ne4 b6 11. Bg5 Bg4 12. h3 Bf5 13. Ng3 Be6 14. Qd2 Rad8 15.
Bh6 Nf6 16. Rad1 Bc8 17. Bf4 Qd7 18. d4 Qe8 19. Bb5 a6 20. Bxc6 Qxc6 21. Rxe7
Nd5 22. Re2 Nxf4 23. Qxf4 Bb7 24. Red2 cxd4 25. cxd4 Qd7 26. Ne2 Bd5 27. b3 Rc8
28. Ne5 Qb7 29. f3 Rfe8 30. Ng4 Qe7 31. Ng3 Qe6 32. Re2 Qd7 33. Rde1 Be6 34.
Nf6+ Bxf6 35. Qxf6 Red8 36. Re4 Qb5 {[#]} 37. Rxe6 fxe6 38. Qxe6+ Kg7 39. Qe7+
Kg8 40. Ne4 Rf8 41. Nf6+ Rxf6 42. Qxf6 Rf8 43. Qe6+ Kg7 44. Qe5+ 1-0

[Event "Mechanics' Winter TNM; G/2 d5"]
[Site "San Francisco"]
[Date "2018.01.16"]
[Round "2.23"]
[White "Maser, Thomas F"]
[Black "Lilles, Alex Pierre"]
[Result "1-0"]
[WhiteElo "1955"]
[BlackElo "1591"]
[PlyCount "47"]
[EventDate "2018.??.??"]
[Source "ChessBase"]
[SourceDate "2007.09.04"]

1. e4 d5 2. exd5 Nf6 3. Nf3 Nxd5 4. Be2 Nc6 5. d3 e5 6. Bd2 Bc5 7. a3 a5 8. O-O
Bf5 9. Re1 Qd7 10. c4 Nf6 11. Bc3 Ng4 12. d4 Nxd4 13. Bxd4 exd4 14. h3 Nh6 15.
Ne5 Qd8 16. Bf3 O-O 17. Bxb7 Qf6 18. Bxa8 Rxa8 19. Nd3 Ba7 20. Qf3 Rd8 21. Nd2
g5 22. g4 Qg6 23. gxf5 Nxf5 24. Ne5 1-0

[Event "Mechanics' Spring TNM; G/2 d5"]
[Site "San Francisco"]
[Date "2018.04.10"]
[Round "4.24"]
[White "Maser, Thomas F"]
[Black "MacIntyre, Brendan"]
[Result "1-0"]
[WhiteElo "1931"]
[BlackElo "1619"]
[Annotator "Donaldson"]
[PlyCount "41"]
[EventDate "2018.??.??"]
[Source "ChessBase"]
[SourceDate "2007.09.04"]

1. e4 c5 2. Nf3 Nc6 3. d4 cxd4 4. Nxd4 Nf6 5. Nc3 g6 $6 6. Be3 (6. Nxc6 bxc6 (
6... dxc6 7. Qxd8+ Kxd8 $14) 7. e5 $14) 6... Bg7 7. h3 e6 (7... d6) (7... O-O)
8. Bc4 O-O 9. Bb3 Qa5 (9... d5) 10. O-O a6 11. f4 d5 12. exd5 exd5 13. f5 Nxd4
14. Bxd4 Bxf5 15. g4 Bxg4 16. hxg4 Ne4 17. Bxg7 Kxg7 18. Qd4+ Kg8 19. Nxd5 Rae8
20. Rae1 f5 21. Ne7# 1-0

[Event "Mechanics' Winter TNM; G/2 d5"]
[Site "San Francisco"]
[Date "2018.02.13"]
[Round "6.5"]
[White "Maser, Thomas F"]
[Black "Perepelitsky, Philipp"]
[Result "0-1"]
[WhiteElo "1955"]
[BlackElo "2166"]
[PlyCount "76"]
[EventDate "2018.??.??"]
[Source "ChessBase"]
[SourceDate "2007.09.04"]

1. e4 d6 2. d4 Nf6 3. Nc3 g6 4. f4 Bg7 5. e5 Nfd7 6. Nf3 c5 7. e6 fxe6 8. Ng5
Nf6 9. dxc5 Nc6 10. Bc4 d5 11. Bb5 O-O 12. Bxc6 bxc6 13. Qe2 d4 14. Nxe6 Bxe6
15. Qxe6+ Kh8 16. Ne4 Nxe4 17. Qxe4 Qa5+ 18. Bd2 Qxc5 19. O-O Rad8 20. Qd3 Qd5
21. b3 Rf7 22. Rae1 Rdf8 23. Qe4 Qc5 24. Qd3 e5 25. fxe5 Rxf1+ 26. Rxf1 Rxf1+
27. Kxf1 Qxe5 28. Qe2 Qf5+ 29. Kg1 Qd7 30. Qe4 Kg8 31. Bb4 Kf7 32. Bc5 a6 33.
Qf4+ Kg8 34. Qb8+ Kf7 35. Qa7 $6 (35. h3 $11) 35... Qxa7 36. Bxa7 Ke6 37. Kf1
Kd5 38. Ke2 Ke4 {Remaining moves unavailable.} 0-1

[Event "Mechanics' Summer TNM; G/2 d/5"]
[Site "San Francisco"]
[Date "2018.06.12"]
[Round "3.6"]
[White "Maser, Thomas F"]
[Black "Persidsky, Andre"]
[Result "1-0"]
[WhiteElo "1900"]
[BlackElo "1846"]
[PlyCount "51"]
[EventDate "2018.??.??"]
[Source "ChessBase"]
[SourceDate "2007.09.04"]

1. e4 c5 2. Nf3 Nc6 3. d4 cxd4 4. Nxd4 e5 5. Nxc6 bxc6 6. Nc3 Nf6 7. Bc4 Be7 8.
O-O O-O 9. Bb3 Qc7 10. Re1 Bb7 11. Bg5 Rad8 12. Qf3 d6 13. Rad1 Rd7 14. Ne2 d5
15. Bxf6 dxe4 16. Qf5 Rxd1 17. Rxd1 Bxf6 18. Rd7 Qc8 19. Ng3 g6 20. Qg4 c5 {[#]
} 21. Nf5 Qxd7 22. Nh6+ Kg7 23. Qxd7 Rd8 24. Nf5+ Kh8 25. Qxd8+ Bxd8 26. Nd6
1-0

[Event "Mechanics' Shipman TNM; G/2 d/5"]
[Site "San Francisco"]
[Date "2018.08.28"]
[Round "4.14"]
[White "Maser, Thomas F"]
[Black "Robeal, Rafik"]
[Result "1-0"]
[WhiteElo "1912"]
[BlackElo "1671"]
[PlyCount "77"]
[EventDate "2018.??.??"]
[Source "ChessBase"]
[SourceDate "2007.09.04"]

1. e4 c6 2. d4 d5 3. Nc3 dxe4 4. Nxe4 Nd7 5. Nf3 Ngf6 6. Nxf6+ Nxf6 7. Bd3 Bg4
8. c3 e6 9. O-O Qc7 10. Bg5 Be7 11. Bh4 O-O 12. Qe2 c5 13. Rfe1 cxd4 14. cxd4
Rac8 15. Rad1 Bb4 16. Bxf6 gxf6 17. Rf1 f5 18. Qe3 Bxf3 19. Qxf3 Bd6 20. Qh5
Kh8 21. d5 Rg8 22. g3 Qe7 23. dxe6 fxe6 24. Rfe1 Qf6 25. Re2 Rcf8 26. Bc4 Rg5
27. Qh4 Qg7 28. Rxd6 Rg4 29. Qh3 Rxc4 30. Rdxe6 Rc1+ 31. Kg2 f4 32. f3 Qd4 33.
Qh5 Qg1+ 34. Kh3 Rc5 35. Qh6 Rcf5 36. Re7 Qf1+ 37. Kh4 R5f7 38. Rxf7 Rxf7 39.
Re8+ 1-0

[Event "Mechanics' Summer TNM; G/2 d/5"]
[Site "San Francisco"]
[Date "2018.05.29"]
[Round "1.20"]
[White "Maser, Thomas F"]
[Black "Thibault, William"]
[Result "1-0"]
[WhiteElo "1900"]
[BlackElo "1405"]
[PlyCount "83"]
[EventDate "2018.??.??"]
[Source "ChessBase"]
[SourceDate "2007.09.04"]

1. e4 e5 2. Nf3 Nc6 3. Bb5 a6 4. Ba4 Nf6 5. d3 Be7 6. O-O b5 7. Bb3 O-O 8. c3
Bb7 9. Re1 Re8 10. Nbd2 d6 11. Nf1 Na5 12. Bc2 Rc8 13. b4 Nc6 14. Ng3 Bf8 15.
Nf5 Ne7 16. N3h4 h6 17. Qf3 d5 18. Nxh6+ gxh6 19. Qxf6 Bg7 20. Qf3 Qd6 21. Be3
dxe4 22. dxe4 Rcd8 23. Bc5 Qf6 24. Qxf6 Bxf6 25. Bxe7 Rxe7 26. Nf5 Red7 27.
Nxh6+ Kh7 28. Ng4 Bg7 29. f3 Bc8 30. Ne3 Rd6 31. Red1 c6 32. Rxd6 Rxd6 33. Rd1
Rg6 34. Rd8 Be6 35. a4 Bh6 36. Nf5 Bxf5 37. exf5 Rf6 38. Kf2 Kg7 39. g4 Bf4 40.
h4 Rh6 41. h5 Rh8 42. f6+ 1-0

[Event "Mechanics' Shipman TNM; G/2 d/5"]
[Site "San Francisco"]
[Date "2018.08.21"]
[Round "3.16"]
[White "Maser, Thomas F"]
[Black "Zaman, Ahyan"]
[Result "1-0"]
[WhiteElo "1912"]
[BlackElo "1590"]
[Annotator "Winslow,Elliott"]
[PlyCount "51"]
[EventDate "2018.??.??"]
[Source "ChessBase"]
[SourceDate "2007.09.04"]

1. e4 c5 2. Nf3 Nc6 3. d4 cxd4 4. Nxd4 g6 5. Nc3 Bg7 6. Be3 Nf6 7. Be2 O-O 8.
Qd2 d6 9. O-O Bd7 10. Rad1 Ng4 11. Bxg4 Bxg4 12. f3 Bd7 13. Qf2 b6 14. Nd5 Rc8
15. c3 Ne5 16. Qh4 Re8 17. Bg5 (17. Bh6) 17... f6 18. Bh6 Bxh6 (18... Nc4 19.
b3 e6) 19. Qxh6 Nf7 20. Qh4 Kg7 21. f4 e5 $4 (21... e6) 22. fxe5 fxe5 {[#]} 23.
Rxf7+ Kxf7 24. Qxh7+ Kf8 25. Rf1+ Bf5 26. Nxf5 1-0

[Event "Mechanics' Spring TNM; G/2 d5"]
[Site "San Francisco"]
[Date "2018.05.08"]
[Round "8.10"]
[White "Maser, Tom"]
[Black "Davies, Vinzent"]
[Result "0-1"]
[WhiteElo "1931"]
[BlackElo "2015"]
[PlyCount "66"]
[EventDate "2018.??.??"]
[Source "ChessBase"]
[SourceDate "2007.09.04"]

1. e4 c6 2. d4 d5 3. Nc3 dxe4 4. Nxe4 Nd7 5. Nf3 Ngf6 6. Nxf6+ Nxf6 7. Bd3 Bg4
8. Be3 e6 9. h3 Bh5 10. Qe2 Qd5 11. Bc4 Bxf3 12. gxf3 Qa5+ 13. c3 Be7 14. Rg1
g6 15. Bf4 O-O-O 16. b4 (16. Be5) 16... Qf5 17. Be5 Rhe8 18. b5 c5 19. Bd3 Qh5
20. b6 axb6 21. Rb1 Nd5 22. Be4 Bd6 23. Bxd6 Rxd6 24. dxc5 Rc6 25. c4 Nc3 26.
Qb2 Nxb1 27. Bxc6 bxc6 28. cxb6 Qa5+ 29. Kf1 Nd2+ 30. Kg2 Qg5+ 31. Kh1 Qf5 32.
Rg3 Qb1+ 33. Qxb1 Nxb1 0-1

[Event "Mechanics' Summer TNM; G/2 d/5"]
[Site "San Francisco"]
[Date "2018.06.05"]
[Round "2.40"]
[White "Matz, James"]
[Black "Azimadeh, Farhad"]
[Result "0-1"]
[WhiteElo "1742"]
[BlackElo "1622"]
[PlyCount "56"]
[EventDate "2018.??.??"]
[Source "ChessBase"]
[SourceDate "2007.09.04"]

1. Nf3 Nf6 2. g3 g6 3. Bg2 Bg7 4. d3 d6 5. e4 e6 6. O-O O-O 7. Nc3 Nc6 8. Be3
b6 9. e5 Ne8 10. Nd4 Nxd4 11. Bxa8 Bxe5 12. Bg2 Nf5 13. Qd2 d5 14. d4 Bg7 15.
Ne2 Ned6 16. b3 Ba6 17. Rfe1 c5 18. c3 cxd4 19. Nxd4 Nxe3 20. Qxe3 Qc7 21. Nxe6
fxe6 22. Qxe6+ Kh8 23. Rac1 Qc5 24. Qxd5 Qxf2+ 25. Kh1 Bb7 26. Rf1 Qxf1+ 27.
Rxf1 Rxf1+ 28. Bxf1 Bxd5+ 0-1

[Event "Mechanics' Shipman TNM; G/2 d/5"]
[Site "San Francisco"]
[Date "2018.09.11"]
[Round "6.15"]
[White "Matz, James I"]
[Black "Anderson, Michael Gene"]
[Result "1/2-1/2"]
[WhiteElo "1654"]
[BlackElo "1903"]
[Annotator "Anderson, Michael"]
[PlyCount "88"]
[EventDate "2018.??.??"]
[Source "ChessBase"]
[SourceDate "2007.09.04"]

1. d4 f5 2. Nf3 Nf6 3. c4 g6 4. Nc3 Bg7 5. g3 O-O 6. Bg2 c6 7. O-O d6 8. d5 c5
9. Bg5 Na6 10. Qd2 Nc7 11. Bh6 Rb8 12. Bxg7 Kxg7 13. Rad1 a6 14. Rfe1 b5 15. e4
b4 $6 ({better was} 15... fxe4 16. Nxe4 bxc4 17. Nxf6 (17. Qc3 Bg4 18. Neg5 $11
{(SF9)}) 17... exf6) 16. e5 {Diagram #} Ng4 $4 (16... dxe5 17. Nxe5 bxc3 18.
Qxc3 Qd6 {(msa)} 19. Nc6 Rb7 20. Rxe7+ Kg8 21. Rde1 Bd7 22. R7e2 Re8 23. Ne7+
Kf7 $17 {Not enough for a piece (SF9)}) 17. exd6 $6 (17. Nb1) (17. Na4) 17...
exd6 18. Ne2 Bd7 19. Nf4 Qf6 20. Ne6+ $6 (20. Ra1 {/\a3}) 20... Nxe6 $6 (20...
Bxe6 21. dxe6 Nxe6 22. Qxd6 Rbd8 23. Qxa6 Qxb2 24. Qxe6 Qxf2+ 25. Kh1 Ne3 26.
Qd7+ Rxd7 27. Rxd7+ Kh6 28. Rd2 Qxe1+ 29. Nxe1 Nxc4) 21. dxe6 Bxe6 22. Qxd6
Bxc4 (22... Bf7) 23. Qc7+ (23. Qxc5 $1) 23... Bf7 24. h3 Nh6 25. Ne5 $6 (25.
Qxc5) 25... Rbc8 $14 26. Qb7 Rfd8 $6 (26... Rfe8) 27. Bd5 $2 (27. Rxd8 Rxd8 28.
Nxf7 Nxf7 29. Bd5 Rf8 30. Re7 $16) 27... Rb8 $11 28. Qa7 Qb6 29. Qe7 $6 Re8 30.
Qg5 Qd8 $4 {Diagram #} (30... Qc7 31. Nxf7 Nxf7) 31. Nxf7 $4 (31. Qxh6+ Kxh6
32. Nxf7+ Kg7 33. Nxd8 $18) 31... Nxf7 (31... Rxe1+ 32. Rxe1 Nxf7 33. Qf4 Qd6
34. Qxd6 Nxd6 35. Re7+ Kh6 36. Ra7 Nb5 37. Rxa6 Nc7 38. Rd6 Nxd5 39. Rxd5 Rc8)
32. Qd2 Rxe1+ (32... Qd6 $15) 33. Qxe1 Qe8 34. Qf1 Qb5 35. Bc4 Qc6 36. Bd5 Qf6
37. Qc4 (37. Qxa6) 37... Ne5 38. Qxc5 Rd8 39. Qc7+ Rd7 40. Qc8 Qd8 41. Qxd8
Rxd8 42. f4 Nc4 43. Bf3 Rxd1+ 44. Bxd1 Nxb2 1/2-1/2

[Event "Mechanics' Shipman TNM; G/2 d/5"]
[Site "San Francisco"]
[Date "2018.08.28"]
[Round "4.24"]
[White "Matz, James I"]
[Black "Baer, Michael Alan"]
[Result "1/2-1/2"]
[WhiteElo "1654"]
[BlackElo "1438"]
[PlyCount "89"]
[EventDate "2018.??.??"]
[Source "ChessBase"]
[SourceDate "2007.09.04"]

1. Nf3 Nf6 2. g3 g6 3. Bg2 Bg7 4. d3 d5 5. Nbd2 O-O 6. e4 e6 7. e5 Nfd7 8. d4
c5 9. c3 Nc6 10. O-O cxd4 11. cxd4 Qb6 12. Nb3 Re8 13. Bg5 h6 14. Be3 Nf8 15.
Qd2 Kh7 16. Nc5 Ne7 17. g4 Nd7 18. b4 Qd8 19. Nh4 b6 20. Nd3 Ba6 21. f4 Rc8 22.
Nf3 Rc7 23. Rfc1 Rxc1+ 24. Rxc1 Qb8 25. f5 gxf5 26. gxf5 Nxf5 27. Bf4 Rc8 28.
Nf2 Rxc1+ 29. Qxc1 Qc8 30. Qd2 Nf8 31. Bh3 Ne7 32. Ng4 Nf5 33. Nf6+ Bxf6 34.
exf6 Qc4 35. Qf2 Qe2 36. Qxe2 Bxe2 37. Bxf5+ exf5 38. Ne5 Bh5 39. Kf2 Ng6 40.
Bg3 Nxe5 41. dxe5 d4 42. Bf4 Kg6 43. Ke1 Bf3 44. Kd2 Be4 45. a3 1/2-1/2

[Event "Mechanics' Bedjanian TNM; G/2 d/5"]
[Site "San Francisco"]
[Date "2018.12.18"]
[Round "9.24"]
[White "Matz, James I"]
[Black "Bentz, Brad"]
[Result "0-1"]
[WhiteElo "1630"]
[BlackElo "1312"]
[PlyCount "84"]
[EventDate "2018.??.??"]
[Source "ChessBase"]
[SourceDate "2007.09.04"]

1. Nf3 d5 2. g3 Nf6 3. Bg2 e6 4. d3 Be7 5. Nbd2 c5 6. e4 Nc6 7. O-O O-O 8. Re1
Qc7 9. e5 Nd7 10. Qe2 b5 11. Nf1 Bb7 12. Bf4 Rfc8 13. c3 a5 14. Ne3 Qd8 15. d4
b4 16. h4 Bf8 17. Ng5 h6 18. Nf3 a4 19. Ng4 a3 20. Qd2 Rcb8 21. b3 Ba6 22. cxb4
Nxb4 23. Bf1 cxd4 24. Nxd4 Nc5 25. Bxh6 gxh6 26. Nf6+ Kh8 27. Qf4 Nd7 28. Ng4
Kg8 29. Re3 Bxf1 30. Kxf1 Bg7 31. Rf3 Qe7 32. Nf6+ Kf8 33. Rc1 Nc5 34. Rxc5
Bxf6 35. Qxf6 Qxf6 36. Rxf6 Rc8 37. Rxc8+ Rxc8 38. Rxh6 Rc1+ 39. Ke2 Nxa2 40.
Kd2 Rf1 41. Rh8+ Ke7 42. Ra8 Rxf2+ {(and here, even my great experience
entering the mind of someone who can't keep score fails me. ....)} 0-1